00926nam a2200217 a 4500001001000000003000500010005001700015008004100032010001100073011001100084040000900095100003100104245014300135260004100278500006000319502010800379650006400487650004600551650004100597856007000638000112377CHAP20220329144301.0160307s2016 mx a |sm |||||||spa d a108838 a109810 cCHAP1 aRebollar Contreras, Lucina10aLimitantes y retos operativos de la ventanilla única de comercio exterior Mexicana (vucem)h[En línea]cpor Lucina Rebollar contreras. aChapingo, Méx. :bEl autor,c2016. aPara ver el contenido del material haga clic en la liga aTesis (Licenciado en Comercio Internacional) -- UACH. División de Ciencias Económico Administrativo14aAduanasxSimplificación administrativaxAutomatización.14aServicios públicosxControl de calidad.14aServicios públicosxMetodología. aFinding aiduhttp://10.13.5.2/tesis/sist112377.pdfzTeclea aquí